| 000 | 00705nam a2200229 a 4500 | ||
|---|---|---|---|
| 005 | 20240919064810.0 | ||
| 008 | 140214s2009 mx r 000 0 spa d | ||
| 020 | _a9789870602378 | ||
| 035 | _aUPN01000195845 | ||
| 049 | _aCG | ||
| 050 | 4 |
_aLC71 _bA9.7 |
|
| 245 | 0 | 0 |
_aAutonomía y gobierno de la educación : _bperspectivas, antinomias y tensiones / _ccomp. Myriam Feldfeber. |
| 260 |
_aBuenos Aires : _bAique, _c2009. |
||
| 300 | _a320 p. | ||
| 440 | 0 | _aPolítica y educación | |
| 650 | 4 |
_aEducación _xAspectos sociales _95311 |
|
| 650 | 4 |
_aEducación y Estado _919 |
|
| 650 | 4 |
_aAutonomía en la educación _93083 |
|
| 700 | 1 |
_aFeldfeber, Myriam, _ecomp. |
|
| 905 | _aLibro | ||
| 999 |
_c167946 _d167946 |
||